000 00678nam a2200205 a 4500
001 000029251
005 20240412074254.0
008 110414s1995 dr 000 p spa d
040 _aDO-SdBNP
_bspa
_cBNPHU
082 _aRD861.44
_bL864po
100 1 _aLópez, José,
_d1966-
_956146
245 1 0 _aPoemas de la otra mano :
_b(New York 1992-1994) /
_cJosé López ; edición Tomás Castro.
260 _aSanto Domingo :
_bGente,
_c1995.
300 _a56 p. ;
_c21 cm.
590 _aInventariado, 2018/LP
650 0 _aPoesía dominicana
_966
650 0 _aLiteratura dominicana.
_967
700 2 _aCastro, Tomás,
_d1959-
_eed.
_924641
910 _aValidado. Control de calidad MFF
999 _c28743
_d28743